Blue Lock Characters - Statistics

General Stats
  • This quiz has been taken 974 times
  • The average score is 26 of 33
Answer Stats
Hint Answer % Correct
Main CharacterMember of Team Z Meta Vision Player of Bastard Munchen Isagi Yoichi
100%
Member of Team ZPlayer of FC Barcha Bachira Meguru
98%
Member of Team VLazy Genius
Player of Manshine City
Nagi Seishiro
98%
Member of Team ZRed Panther Player of Manshine City Chigiri Hyoma
97%
1st in Blue LockBrother of Japan's Prodigy Player of Paris X Gen Itoshi Rin
96%
Member of Team VChameleon Meta Vision Player of Manshine City Mikage Reo
96%
Member of Team XThe King Player of the Ubers Baro Shoei
93%
Member of Team ZWildcard Player of Bastard Munchen Kunigami Rensuke
92%
Member of Team ZGoalkeeper Player of Bastard Munchen Gagamaru Gin
89%
Member of Japan's U20 TeamJapan's Prodigy Meta Vision Itoshi Sae
89%
General Manager of Blue Lock Ego Jinpachi
85%
Member of Team YMeta Vision Player of the Ubers Niko Ikki
84%
2nd in Blue Lock after the 2nd SelectionMember of Japan's U20 Team Player of Paris X Gen Shido Ryusei
84%
Player of Bastard MunchenGerman Prodigy Meta Vision New Generation World XI Michael Kaiser
83%
Player of Bastard MunchenWorld's Best Striker Master during the Neo Egoist League Noel Noa
82%
Former Captain of Japan's U20 TeamMeta Vision Player of the Ubers Oliver Aiku
81%
Member of Team ZStamina Freak
Player of Bastard Munchen
Raichi Jingo
79%
Player of Paris X GenFrench Prodigy Master during the Neo Egoist League Julian Loki
77%
2nd in Blue Lock at the 2nd SelectionPlayer of the Ubers Aryu Jyubei
74%
4th in Blue Lock after the 2nd SelectionPlayer of FC Barcha Otoya Eita
74%
Member of Team VSpeedster Player of Paris X Gen Tsurugi Zantetsu
74%
27th in Blue Lock after the 2nd SelectionMeta Vision Player of Bastard Munchen Hiori Yo
72%
3rd in Blue Lock after the 2nd SelectionPlayer of Paris X Gen Karasu Tabito
71%
Player of the UbersItalien Prodigy Ace Eater New Generation World XI Don Lorenzo
70%
5th in Blue Lock after the 2nd SelectionPlayer of Bastard Munchen Yukimiya Kenyu
67%
3rd in Blue Lock at the 2nd SelectionPlays for Paris X Gen Tokimitsu Aoshi
66%
Player of Manshine City2nd Best Striker in the World Master during the Neo Egoist League Chris Prince
65%
Player of the UbersMeta Vision Master during the Neo Egoist League Marc Snuffy
65%
Player of Bastard Munchen Alexis Ness
64%
Manager of Blue LockMember of the Japanese Football Association Teieri Anri
60%
Player of FC BarchaMaster during the Neo Egoist League Lavinho
59%
Member of Japan's U20 TeamPlayer of the Ubers Sendo Shuto
58%
Member of Team WPlayer of Manshine City Wanima Junichi
40%
No matching quizzes found
Score Distribution
Percent of People with Each Score
Percentile by Number Answered
Your Score History
You have not taken this quiz